Antennas and Wave Propagation (Record no. 609584)

000 -LEADER
fixed length control field 00357nam a22001337a 4500
020 ## - INTERNATIONAL STANDARD BOOK NUMBER
International Standard Book Number 97981229705395
040 ## - CATALOGING SOURCE
Transcribing agency Nust
082 ## - DEWEY DECIMAL CLASSIFICATION NUMBER
Classification number 621.3824
Author Mark RAJ
100 ## - MAIN ENTRY--PERSONAL NAME
Personal name Raju, N.S.G
9 (RLIN) 123371
245 ## - TITLE STATEMENT
Title Antennas and Wave Propagation
260 ## - PUBLICATION, DISTRIBUTION, ETC.
Place of publication, distribution, etc. New Delhi:
Name of publisher, distributor, etc. Pearson Education Inc,
Date of publication, distribution, etc. 2005.
650 ## - SUBJECT ADDED ENTRY--TOPICAL TERM
Topical term or geographic name entry element Antennas and Wave Propagation
9 (RLIN) 123372
942 ## - ADDED ENTRY ELEMENTS (KOHA)
Source of classification or shelving scheme
Koha item type Book
Holdings
Withdrawn status Lost status Source of classification or shelving scheme Damaged status Not for loan Permanent Location Current Location Shelving location Date acquired Total Checkouts Full call number Barcode Date last seen Price effective from Koha item type
          College of Electrical & Mechanical Engineering (CEME) College of Electrical & Mechanical Engineering (CEME) General Stacks 06/07/2024   621.3824 RAJ CEME- 43010 06/07/2024 06/07/2024 Book
© 2023 Central Library, National University of Sciences and Technology. All Rights Reserved.